| 000 | 00593nam a2200241 a 4500 | ||
|---|---|---|---|
| 001 | nice12345678 | ||
| 003 | IN_TiNIC | ||
| 005 | 20260116013143.0 | ||
| 008 | 050524s1990 hama grp 000 0 eng | ||
| 020 |
_a0860789 _c3515 |
||
| 082 | 0 | 0 |
_a181.07 _bROS |
| 100 | _aRosenthal, Franz | ||
| 245 | _aGreek Philosophy in the Arab World | ||
| 260 |
_aHampshire _bVariorum _c1990 |
||
| 300 | _a183p | ||
| 500 | _aincludes index and biblioraphy | ||
| 505 | 2 | _aNotes | |
| 650 | _aPhilosophy-Islamic | ||
| 700 | 1 | _aRosenthal, Franz | |
| 902 | _bSRS | ||
| 942 | _cBK | ||
| 999 |
_c9886 _d9886 |
||